Mots Croisés - Auteurs de la Littérature Française - Statistiques

Statistiques générales
  • Ce quiz a été pris 556 fois
    539 depuis la dernière actualisation
  • Le résultat moyen est 24 sur 33
Statistiques - réponses
Définitions Réponses % Correct
Auteur de "Notre-Dame de Paris" et "Les Misérables" Hugo
96%
Auteur de "L'Avare" et "Le Malade imaginaire" Molière
94%
Auteur de "L'Assommoir" et "Germinal" Zola
94%
Auteur de "L'Étranger" et "La Peste" Camus
93%
Auteur de "Les Fleurs du Mal" et "Le Spleen de Paris" Baudelaire
92%
Auteur de "La Cigale et la Fourmi" et "Le Corbeau et le Renard" La Fontaine
91%
Auteur de "Bel-Ami" et "Le Horla" Maupassant
91%
Auteur de "Les Trois Mousquetaires" et "Le Comte de Monte-Cristo" Dumas
89%
Auteur de "Le Rouge et le Noir" et "La Chartreuse de Parme" Stendhal
86%
Auteur de "Voyage au centre de la Terre" et "Le Tour du monde en quatre-vingts jours" Verne
86%
Auteur de "Lettres philosophiques" et "Candide" Voltaire
85%
Auteur de "Madame Bovary" et "L'Éducation sentimentale" Flaubert
80%
Auteur de "Du côté de chez Swann" et "À la recherche du temps perdu" Proust
80%
Auteur de "Andromaque" et "Phèdre" Racine
78%
Auteur de "Le Cid" et "Horace" Corneille
76%
Auteur de "Du contrat social" et "Les Confessions" Rousseau
75%
Auteur de "Le Père Goriot" et "Illusions perdues" Balzac
71%
Auteur de "Lettres persanes" et "De l'esprit des lois" Montesquieu
69%
Auteur de "Le Dormeur du val" et "Les Illuminations" Rimbaud
68%
Auteur de "Pantagruel" et "Gargantua" Rabelais
66%
Auteur de "La Nausée" et "Huis clos" Sartre
66%
Auteur de "Essais" Montaigne
65%
Autrice de "Le Deuxième Sexe" et "La Femme rompue" De Beauvoir
64%
Auteur de "Alcools" et "Calligrammes" Apollinaire
61%
Auteur de "J'irai cracher sur vos tombes" et "L'Écume des jours" Vian
60%
Autrice de "Un barrage contre le Pacifique" et "L'Amant" Duras
57%
Auteur de "Le Barbier de Séville" et "Le Mariage de Figaro" Beaumarchais
52%
Autrice mystère Sand
50%
Auteur de "Poèmes saturniens" et "Romances sans paroles" Verlaine
50%
Auteur de "Les Yeux d'Elsa" et "Aurélien" Aragon
49%
Auteur de "Lorenzaccio" et "La Confession d'un enfant du siècle" Musset
45%
Auteur de "Méditations poétiques" et "Le Lac" Lamartine
42%
Auteur de "Capitale de la douleur" et "Liberté" Éluard
35%
Aucun quiz correspondant
Distribution des résultats
% des personnes avec chaque résultat
Percentile par nombre de réponses
Votre historique - résultats
Vous n’avez pas pris ce quiz depuis la dernière actualisation